Contemporary business law

Uloženo v:
Podrobná bibliografie
Hlavní autor: Cheeseman, Henry R.
Médium: Kniha
Jazyk:Undetermined
Vydáno: Boston Pearson 2015
Témata:
Tagy: Přidat tag
Žádné tagy, Buďte první, kdo otaguje tento záznam!
Thư viện lưu trữ: Trung tâm Học liệu Trường Đại học Cần Thơ
LEADER 00558nam a2200205Ia 4500
001 CTU_221094
008 210402s9999 xx 000 0 und d
020 |c 1495000 
082 |a 346.7307 
082 |b C515 
100 |a Cheeseman, Henry R. 
245 0 |a Contemporary business law 
245 0 |c Henry R. Cheeseman 
260 |a Boston 
260 |b Pearson 
260 |c 2015 
650 |a Luật thương mại,Commercial law 
650 |z Hoa Kỳ,United States 
904 |i Tuyến 
980 |a Trung tâm Học liệu Trường Đại học Cần Thơ